| Tag |
First Indicator |
Second Indicator |
Subfields |
| LEADER |
00000cam a2200000I 4500 |
| 001 |
in00002369986 |
| 005 |
20151109042946.0 |
| 008 |
810727s1895 sp a 001 0 spa d |
| 029 |
1 |
|
|a NLGGC
|b 243420021
|
| 035 |
|
|
|a (OCoLC)ocm07615742
|
| 035 |
|
|
|a (OCoLC)7615742
|
| 040 |
|
|
|a FHM
|c FHM
|d OCL
|d OCLCQ
|d TXA
|d UtOrBLW
|
| 043 |
|
|
|a e-sp---
|
| 049 |
|
|
|a TXAM
|
| 090 |
|
|
|a DP199
|b .C62 1895
|
| 100 |
1 |
|
|a Coloma, Luis,
|d 1851-1915.
|
| 245 |
1 |
0 |
|a Retratos de antaño /
|c por el R.P.Luis Coloma.
|
| 264 |
|
1 |
|a Madrid :
|b La Viuda e Hijos de Tello,
|c 1895.
|
| 300 |
|
|
|a 597 pages :
|b illustrations ;
|c 25 cm.
|
| 336 |
|
|
|a text
|b txt
|2 rdacontent
|
| 337 |
|
|
|a unmediated
|b n
|2 rdamedia
|
| 338 |
|
|
|a volume
|b nc
|2 rdacarrier
|
| 500 |
|
|
|a Cushing Library Rare Books copy forms part of the Lee Fontanella Collection.
|
| 651 |
|
0 |
|a Spain
|x History
|y Charles III, 1759-1788.
|
| 651 |
|
0 |
|a Spain
|v Biography.
|
| 948 |
|
|
|a cataloged
|b h
|c 2008/4/15
|d c
|e vilik
|f 1:19:21 pm
|
| 994 |
|
|
|a C0
|b TXA
|
| 999 |
|
|
|a MARS
|
| 999 |
f |
f |
|s d4ac1188-8e77-3933-8b37-4bd2c508a375
|i 5c456129-eb75-3479-a54d-888a7afe361b
|t 0
|
| 952 |
f |
f |
|p noncirc
|a Texas A&M University
|b College Station
|c Cushing Memorial Library & Archives
|d Cushing: Rare Books (Does not check out)
|t 0
|e DP199 .C62 1895
|h Library of Congress classification
|i unmediated -- volume
|
| 998 |
f |
f |
|a DP199 .C62 1895
|t 0
|l Cushing: Rare Books (Does not check out)
|